000 01130nam a2200241 a 4500
001 000016371
005 20250219172306.0
008 100304s2008 dr ad r 001 0 spa d
040 _aDO-SdBNP
_bspa
_cBNPHU
082 _a338.97293
_bR426p
110 1 _aRepública Dominicana.
_bSecretaría de Estado de Economía Planificación y Desarrollo
_91941
245 1 0 _aPlan estratégico 2008-2012.
260 _aSanto Domingo :
_bAmigo del Hogar,
_c2008.
300 _a153 p. :
_bil., tablas ;
_c23 cm.
490 1 _aInstitucional ;
_v2
505 0 _gResolución Nº 4 que aprueba el plan estratégico 2008-2012 de la Secretaría de Estado de Economía, Planificación y Desarrollo --
_gIntroducción --
_tEl principal desafío de la Secretaría de Estado de Economía, Planificación y Desarrollo --
_tLas áreas y propuestas estratégicas del plan.
590 _aInventariado, 2018/BT
650 4 _aPlanificación económica
_96641
650 4 _aPlanificación estratégica
_92433
651 4 _aRepública Dominicana
_xPolítica Económica
_9643
830 0 _aInstitucional ;
_n2
_936506
910 _aValidado. Control de calidad. EMS
999 _c15906
_d15906